Power generation, operation, and control / (رقم التسجيلة. 38411)

تفاصيل مارك
000 -الفاتح
حقل البيانات ثابتة الطول 02323cam a22003494i 4500
001 - رقم الضبط
رقم الضبط 17743035
003 - محدد رقم الضبط
رقم الضبط OSt
005 - وقت وتاريخ اخر تعامل مع التسجيلة
رقم الضبط 20151013161340.0
008 - عناصر البيانات ثابتة الطول - معلومات عامة
حقل البيانات ثابتة الطول 130517s2014 njua b 001 0 eng
010 ## - رقم ضبط مكتبة الكونجرس
رقم ضبط مكتبة الكونجرس 2013013050
020 ## - الرقم الدولى المعيارى للكتب
الرقم الدولى المعيارى للكتاب 9780471790556 (hardback)
040 ## - مصدر الفهرسة
وكالة الفهرسة الأصلية DLC
لغة الفهرسة eng
وكالة النسخ DLC
قواعد الوصف rda
وكالة التعديل DLC
042 ## - رمز التحقق
رمز التحقق pcc
050 00 - رقم طلب مكتبة الكونجرس
رقم التصنيف TK1001
رقم المادة .W64 2014
082 00 - رقم تصنيف ديوى العشرى
رقم التصنيف 621.31
رقم الطبعة 23
رقم المادة WAP
084 ## - رقم تصنيف آخر
رقم التصنيف TEC007000
مصدر الرقم bisacsh
100 1# - المدخل الرئيسى - إسم شخصى
الإسم الشخصى Wood, Allen J.,
الدور author.
9 (RLIN) 52200
245 10 - بيان العنوان
العنوان Power generation, operation, and control /
بيان المسئوليه,etc Allen J. Wood, Bruce F. Wollenberg, Gerald B. Sheblé.
250 ## - بيان الطبعة
بيان الطبعة Third edition.
300 ## - الوصف المادى
التعداد xxii, 632 pages :
تفاصيل ماديه اخرى للوعاء illustrations ;
أبعاد الوعاء 25 cm.
504 ## - تبصرة ببليوجرافية
تبصرة ببليوجرافية,الخ Includes bibliographical references and index.
520 ## - التبصرة الخاصة بالتعليق أو التلخيص
ملخص,الخ "Since publication of the second edition, there have been extensive changes in the algorithms, methods, and assumptions in energy management systems that analyze and control power generation. This edition is updated to acquaint electrical engineering students and professionals with current power generation systems. Algorithms and methods for solving integrated economic, network, and generating system analysis are provided. Also included are the state-of-the-art topics undergoing evolutionary change, including market simulation, multiple market analysis, multiple interchange contract analysis, contract and market bidding, and asset valuation under various portfolio combinations"--
520 ## - التبصرة الخاصة بالتعليق أو التلخيص
ملخص,الخ "Online video course with powerpoint slides for each chapter at www.cusp.umn.edu; site also contains links to important research reports, an entire set of student programs in MATLAB, and sets of power system sample data sets for use in student exercises"--
650 #0 - المدخل الاضافى بالموضوع-مصطلح موضوعى
مصطلح موضوعي أو اسم جغرافي كعنصر مدخل Electric power systems.
9 (RLIN) 38113
650 #7 - المدخل الاضافى بالموضوع-مصطلح موضوعى
مصطلح موضوعي أو اسم جغرافي كعنصر مدخل TECHNOLOGY & ENGINEERING / Electrical.
مصدر الرأس أو المصطلح bisacsh
9 (RLIN) 45938
700 1# - المدخل الاضافى - اسم شخصى
الإسم الشخصى Wollenberg, Bruce F.,
الدور author.
9 (RLIN) 52201
700 1# - المدخل الاضافى - اسم شخصى
الإسم الشخصى Sheblé, Gerald B.,
الدور author.
9 (RLIN) 52202
776 08 - مدخل الشكل المادى الاضافى
نص العرض Online version:
رأس المدخل الرئيسي Wood, Allen J., author.
العنوان Power generation, operation, and control.
الطبعة Third edition / Allen J. Wood, Bruce F. Wollenberg, Gerald B. Sheblé.
الناشر و مكان و تاريخ النشر Hoboken, New Jersey : Wiley-Interscience, 2013
الرقم الدولى المعيارى للكتاب 9781118733844
رقم ضبط التسجيلة (DLC) 2013020576
906 ## - عنصر بيانات محلى F, LDF (RLIN)
a 7
b cbc
c orignew
d 1
e ecip
f 20
g y-gencatlg
942 ## - عناصر المدخل الإضافي( كوها)
مصدر التصنيف او مخطط الترفيف Dewey Decimal Classification
Koha [default] item type كتاب
المقتنيات
حالة الفقد نموذج السعر الفعال حالة تلف ليس للاعارة رقم الطلب تاريخ الاكتساب الموقع الحالي الباركود الفرع الرئيسي Date last seen نوع المادة فى نظام كوها مصدر التصنيف او خطة الترفيف Total Checkouts
  2015-10-13     621.31 WAP 2015-10-13 المكتبة المركزية بالمجمعة (CL) 00654130 المكتبة المركزية بالمجمعة (CL) 2015-10-13 كتاب Dewey Decimal Classification  
  2015-10-13     621.31 WAP 2015-10-13 المكتبة المركزية بالمجمعة (CL) 00654131 المكتبة المركزية بالمجمعة (CL) 2015-10-13 كتاب Dewey Decimal Classification  
  2015-10-13     621.31 WAP 2015-10-13 المكتبة المركزية بالمجمعة (CL) 00654132 المكتبة المركزية بالمجمعة (CL) 2015-10-13 كتاب Dewey Decimal Classification